000 00517nam a2200217Ia 4500
005 20241216011042.0
008 190212s9999||||xx |||||||||||||| ||und||
082 _a657
_bL26
100 _aLARA FLORES, ELIAS
245 0 _aCONTABILIDAD
250 _a7
260 _aMEXICO
_bTRILLAS
_c1979
300 _a304 pag
_c22 cm
341 _h0
490 _v1
_a0
505 _aCONTABILIDAD-GENERAL
541 _aC
_d26-Nov-93
_oSoles
650 _aCIENCIAS APLICADAS
856 _zCiencias Aplicadas
942 _cLIBRO
999 _c31334
_d31334